<?xml version="1.0" encoding="UTF-8"?>
<record
    xmlns:xsi="http://www.w3.org/2001/XMLSchema-instance"
    xsi:schemaLocation="http://www.loc.gov/MARC21/slim http://www.loc.gov/standards/marcxml/schema/MARC21slim.xsd"
    xmlns="http://www.loc.gov/MARC21/slim">

  <leader>00683nam a2200205   4500</leader>
  <controlfield tag="001">85658</controlfield>
  <controlfield tag="003">BD-RjUL</controlfield>
  <controlfield tag="005">20250908111509.0</controlfield>
  <controlfield tag="008">250908s1961    pk ||||| |||| 00| 0 urd d</controlfield>
  <datafield tag="035" ind1=" " ind2=" ">
    <subfield code="a">(BD-RjUL)85658</subfield>
  </datafield>
  <datafield tag="040" ind1=" " ind2=" ">
    <subfield code="a">BD-RjUL</subfield>
    <subfield code="b">eng</subfield>
    <subfield code="c">BD-RjUL</subfield>
  </datafield>
  <datafield tag="041" ind1=" " ind2=" ">
    <subfield code="a">urd</subfield>
  </datafield>
  <datafield tag="082" ind1=" " ind2=" ">
    <subfield code="2">23</subfield>
    <subfield code="a">297.092</subfield>
    <subfield code="b">BAM 1962</subfield>
  </datafield>
  <datafield tag="100" ind1=" " ind2=" ">
    <subfield code="a">&#x628;&#x631;&#x6CC;&#x644;&#x648;&#x6CC;&#x62A;&#x628;&#x6C1;&#x60C;  &#x639;&#x628;&#x627;&#x62F;&#x62A; ;;  barilvetabah, abadat </subfield>
    <subfield code="9">16809</subfield>
  </datafield>
  <datafield tag="245" ind1=" " ind2=" ">
    <subfield code="a">&#x645;&#x648;&#x645;&#x646; &#x627;&#x648;&#x631; &#x645;&#x637;&#x627;&#x644;&#x639;&#x6C1; &#x645;&#x648;&#x645;&#x646; / Momin aur mut&#x324;&#x101;la&#x2BF;ah-i Momin /</subfield>
    <subfield code="c"> &#x639;&#x628;&#x627;&#x62F;&#x62A; &#x628;&#x631;&#x6CC;&#x644;&#x648;&#x6CC;&#x62A;&#x628;&#x6C1;, ;; &#x2BF;Ib&#x101;dat Barelw&#x12B; /</subfield>
  </datafield>
  <datafield tag="260" ind1=" " ind2=" ">
    <subfield code="a">Karachi : </subfield>
    <subfield code="b">Urdu Dunya, </subfield>
    <subfield code="c">1961</subfield>
  </datafield>
  <datafield tag="300" ind1=" " ind2=" ">
    <subfield code="a">518 p. ;</subfield>
    <subfield code="c">18 cm</subfield>
  </datafield>
  <datafield tag="650" ind1=" " ind2=" ">
    <subfield code="a">Islam[ mulims]</subfield>
    <subfield code="v">Biography</subfield>
    <subfield code="9">16810</subfield>
  </datafield>
  <datafield tag="942" ind1=" " ind2=" ">
    <subfield code="2">ddc</subfield>
    <subfield code="c">BK</subfield>
  </datafield>
  <datafield tag="999" ind1=" " ind2=" ">
    <subfield code="c">85658</subfield>
    <subfield code="d">85658</subfield>
  </datafield>
  <datafield tag="952" ind1=" " ind2=" ">
    <subfield code="0">0</subfield>
    <subfield code="1">0</subfield>
    <subfield code="2">ddc</subfield>
    <subfield code="4">0</subfield>
    <subfield code="7">1</subfield>
    <subfield code="8">NFIC</subfield>
    <subfield code="a">RUCL</subfield>
    <subfield code="b">RUCL</subfield>
    <subfield code="c">Reading</subfield>
    <subfield code="d">2025-09-08</subfield>
    <subfield code="o">U 297.092 BAM 1961</subfield>
    <subfield code="r">2025-09-08 00:00:00</subfield>
    <subfield code="t">C-1</subfield>
    <subfield code="y">BK</subfield>
  </datafield>
</record>
